| 000 | 00529nam a2200193 i 4500 | ||
|---|---|---|---|
| 001 | 59752 | ||
| 003 | ES-MaACL | ||
| 005 | 20250901073802.0 | ||
| 007 | t| | ||
| 008 | 031030s1969 sp ||||1| spa d | ||
| 245 | 0 | 0 |
_aElectronia, radio, tv _b: instrumentos de medida. |
| 260 |
_aBarcelona : _bAfha, _c[1969] |
||
| 300 |
_a166 p. : _bil. ; _c27 cm. |
||
| 650 | 4 |
_aElectrónica. _912165 |
|
| 650 | 7 |
_aRadio _2embne _9153758 |
|
| 650 | 0 | 4 |
_aTelevisión. _917437 |
| 852 |
_aES-MaACL _jC-41364 _bR.78335 |
||
| 999 |
_c59752 _d59752 |
||